000 00850nam a2200253 a 4500
001 000002682
003 DO-SdBNP
005 20240412074200.0
008 090703s 2008 dr r 000 0 spa d
020 _a9789945850048
040 _aDO-SdBNP
_bspa
_cBNPHU
082 4 _aBNPHU RD861.44
_bG216o
100 1 _aGarcía, Diógenes
_98453
245 1 3 _aEl origen del mundo en la poesía científica :
_b1968-2008 (tiempo de esta obra) /
_cDiógenes García.
260 _aSanto Domingo :
_b[s.n.],
_c2008.
300 _a229 p. :
_b22 cm.
500 _aIncluye notas al pie de la páginas
590 _aLa biblioteca posee 1 ejemplar autografiado por el autor.
590 _aInventariado, 2018/BT
650 1 4 _aPoesía dominicana
_966
650 1 0 _aLiteratura dominicana.
_967
910 _aValidado. Control de calidad. MMOLINA
942 _2ddc
_cLBS1
999 _c2518
_d2518